000 00653nam a2200265Ia 4500
005 20260121161429.0
008 008 260114s9999 xx 000 0 eng d
020 _a9781315823270
037 _aEBOOK
040 _aCRL
040 _beng
040 _cCRL
041 _2eng
041 _aeng
084 _qCRL
100 _aEssays on Wittgenstein's Tractatus
_91044665
245 0 _aIrving M. Copi; Robert W. Beard
260 _bTaylor and Francis
260 _c1966
650 _aPhilosophy
_91044666
856 _uhttp://www.taylorfrancis.com/books/9781315823270
942 _cEBOOK
999 _c1610740
_d1610740